000 00603cam a22002295a 4500
001 L159652
008 150226s2017 xxk f 000 0 eng d
035 _a(Sirsi) u159652
041 0 _aeng
100 1 _aWatson, Stuart
245 0 0 _aRent review
260 _c2017
490 _aModus
_vJuly - August 2017, 28-30 (3)
520 _aReview of the rental market and different levels of rent control.
590 _aKA
650 2 4 _aRENT CONTROL
650 2 4 _aRENTED PROPERTY
650 2 4 _aCOMMUNITY LAND TRUST
651 4 _aInternational
690 _aResidential property
_96266
942 _n0
999 _c84892
_d84892